Statistics for Most Popular Juice WRLD Songs

Click here to take the quiz!

General Stats

  • This quiz has been taken 33 times
  • The average score is 17 of 68

Answer Stats

PlaysAnswer% Correct
2,401,525,000Lucid Dreams
96%
1,466,482,000All Girls Are The Same
77%
1,233,834,000Robbery
62%
582,068,000Wasted
58%
738,055,000Armed And Dangerous
46%
875,397,000Bandit
42%
901,700,000Come And Go
42%
371,066,000Conversations
38%
807,039,000Lean Wit Me
38%
646,872,000Legends
38%
460,452,000Empty
35%
212,520,000Man Of The Year
35%
242,128,000Maze
35%
443,344,000Smile
35%
169,365,000Titanic
35%
842,206,000Wishing Well
35%
138,297,000Burn
31%
268,780,000Candles
31%
375,612,000Fast
31%
464,282,000Fine China
31%
138,733,000Long Gone
31%
528,094,000Righteous
31%
213,521,000Already Dead
27%
220,547,000Bad Boy
27%
229,943,000Blood On My Jeans
27%
219,908,000I'm Still
27%
440,686,000Let Me Know
27%
256,154,000Scared Of Love
27%
482,939,000Black & White
23%
101,037,000Bye Bye
23%
188,569,000End Of The Road
23%
343,977,000Graduation
23%
397,611,000Hate The Other Side
23%
308,182,000Hear Me Calling
23%
114,924,000HeMotions
23%
274,248,000Hurt Me
23%
246,487,000I'll Be Fine
23%
277,898,000Rich And Blind
23%
191,115,000Up Up And Away
23%
189,795,000Bad Energy
19%
700,390,000Hate Me
19%
260,041,000Used To
19%
209,911,000Cigarettes
15%
247,898,000Flaws And Sins
15%
304,140,000Life's A Mess
15%
126,261,000Life's A Mess II
15%
239,530,000Make Believe
15%
150,897,000Ring Ring
15%
291,543,000Stay High
15%
386,106,000Suicidal
15%
152,861,000Who Shot Cupid?
15%
286,504,000Feeling
12%
143,503,000Fighting Demons
12%
176,605,000Hard Work Pays Off
12%
119,837,000In My Head
12%
129,157,000I Want It
12%
461,281,000Roses
12%
130,083,000Screw Juice
12%
109,282,000Sometimes
12%
190,539,000Without Me
12%
156,928,000Can't Die
8%
138,652,000Girl Of My Dreams
8%
118,280,000Realer N Realer
8%
217,857,000Tell Me U Luv Me
8%
134,266,000Wandered To LA
8%
118,334,000Real Shit
4%
117,431,000Matt Hardy 999
0%
222,666,000Reminds Me Of You
0%

Score Distribution

Percentile by Number Answered

Percent of People with Each Score

Your Score History

You have not taken this quiz